000 00945 a2200205 4500
003 Nust
005 20221212103919.0
010 _a 2002117210
020 _a0534400957
035 _a(DLC) 2002117210
040 _cNust
082 0 0 _a621.3822,CRI
100 1 _aCristi, Roberto.
_9104619
245 1 0 _aModern digital signal processing /
_cRoberto Cristi.
260 _aPacific Grove, CA :
_bThomson/Brooks/Cole,
_cc2004.
300 _axiv, 380 p. :
_bill. ;
_c25 cm.
505 _aFundamentals of Signals and Systems (Page-1), Discrete Time Processing of Continuous Time Signals (Page-83), Fourier Analysis of Discrete Time Signals (Page-107), Digital Filters (Page-151), Digital Filter Implementations (Page-199), MultiMate Digital Signal Processing Fundamentals (Page-234), DFT Filter Banks and Transmulatiplexers (Page-270), Maximally Decimated Filter Banks (Page-302).
650 0 _aTelecommunication Engineering
942 _2ddc
_cBK
999 _c182696
_d182696